000 00548nam a22001937a 4500
003 KOHA_MİRAKIL
005 20251224164527.0
008 251224b tu ||||| |||| 00| 0 tur d
020 _a9786057373618
040 _aTR-AnABB
_btur
_cTR-AnABB
041 _atur
082 _a711.40956511
_bGOK 2022
100 1 _aGöksu, Ali Faruk,
245 1 0 _aKuram kurucu uygulama Batıkent /
_cAli Faruk Göksu
260 _aİstanbul :
_bDen Yayıncılık,
_c2022
300 _a249 sayfa ;
_c28 cm
650 0 4 _aKent planlama
942 _2ddc
_cBK
999 _c9972
_d9972
900 _bGizem YORULMAZ